| 000 | 00800nam a22001937a 4500 | ||
|---|---|---|---|
| 999 |
_c61983 _d61983 |
||
| 003 | Ge_BSU | ||
| 005 | 20240619094853.0 | ||
| 008 | 240619s1977 ge ||||| |||| 00| 0 geo d | ||
| 041 | _ageo | ||
| 080 | _a908(479.223-25) კ-71 | ||
| 100 |
_aკომახიძე, დავით _916548 |
||
| 245 |
_aბათუმი გუშინ, დღეს და ხვალ / _cდავით კომახიძე. |
||
| 264 |
_aბათუმი : _bსაბჭ. აჭარა, _c1977. |
||
| 300 |
_a119გვ. : _b12 ფ. ილ. ; _c16სმ. |
||
| 500 | _aპარალ სათ. ინგ. და რუს. ენაზე | ||
| 653 | _aკომუნისტური მშენებლობა აჭარაში. | ||
| 653 | _aბათუმი | ||
| 942 |
_2udc _cBK |
||